000 00213nam a2200085Ia 4500
008 180219s9999 xx 000 0 und d
100 _aSaxena N R Swaroop
245 0 _aPrinciples Of Education
260 _a"R.Lall Book Depot
260 _cMeerut"
999 _c42165
_d42165